The art of happiness : (Record no. 1382)

MARC details
000 -LEADER
fixed length control field 01383cam a2200337 a 4500
005 - DATE AND TIME OF LATEST TRANSACTION
control field 20260322212058.0
008 - FIXED-LENGTH DATA ELEMENTS--GENERAL INFORMATION
fixed length control field data
010 ## - LIBRARY OF CONGRESS CONTROL NUMBER
LC control number 2009030854
020 ## - INTERNATIONAL STANDARD BOOK NUMBER
International Standard Book Number 9781594488894
020 ## - INTERNATIONAL STANDARD BOOK NUMBER
International Standard Book Number 1594488894
040 ## - CATALOGING SOURCE
Original cataloging agency DLC
Transcribing agency DLC
Modifying agency DLC
-- DLC
050 00 - LIBRARY OF CONGRESS CALL NUMBER
Classification number BQ7935.B774
Item number A78 2009
082 00 - DEWEY DECIMAL CLASSIFICATION NUMBER
Classification number 294.3/444
Edition information 22
092 ## - LOCALLY ASSIGNED DEWEY CALL NUMBER (OCLC)
Classification number 294.3 A78 2009
001 - CONTROL NUMBER
control field data
100 1# - MAIN ENTRY--PERSONAL NAME
Personal name Gyatso, Tenzin
Dates associated with a name 1935-
Titles and words associated with a name Dalai Lama XIV,
245 14 - TITLE STATEMENT
Title The art of happiness :
Remainder of title a handbook for living /
Statement of responsibility, etc. Tenzin Gyatso & Howard C. Cutler.
250 ## - EDITION STATEMENT
Edition statement 10th anniversary ed.
260 ## - PUBLICATION, DISTRIBUTION, ETC.
Place of publication, distribution, etc. New York :
Name of publisher, distributor, etc. Riverhead Books,
Date of publication, distribution, etc. 2009.
300 ## - PHYSICAL DESCRIPTION
Extent xxxii, 320 p. ;
Dimensions 22 cm.
500 ## - GENERAL NOTE
General note With a new praface by the Dalai Lama and a new introduction by Howard C. Cutler.
650 #0 - SUBJECT ADDED ENTRY--TOPICAL TERM
Topical term or geographic name entry element Religious life
General subdivision Buddhism.
650 #0 - SUBJECT ADDED ENTRY--TOPICAL TERM
Topical term or geographic name entry element Happiness
General subdivision Buddhism.
-- Buddhism.
650 #0 - SUBJECT ADDED ENTRY--TOPICAL TERM
Topical term or geographic name entry element Buddhism
General subdivision Doctrines.
700 1# - ADDED ENTRY--PERSONAL NAME
Personal name Cutler, Howard C.
856 42 - ELECTRONIC LOCATION AND ACCESS
Materials specified Contributor biographical information
Uniform Resource Identifier <a href="http://www.loc.gov/catdir/enhancements/fy1007/2009030854-b.html">http://www.loc.gov/catdir/enhancements/fy1007/2009030854-b.html</a>
856 42 - ELECTRONIC LOCATION AND ACCESS
Materials specified Publisher description
Uniform Resource Identifier <a href="http://www.loc.gov/catdir/enhancements/fy1007/2009030854-d.html">http://www.loc.gov/catdir/enhancements/fy1007/2009030854-d.html</a>
906 ## - LOCAL DATA ELEMENT F, LDF (RLIN)
a 7
b cbc
c orignew
d 1
e ecip
f 20
g y-gencatlg
925 0# -
-- acquire
-- 2 shelf copies
-- policy default
-- claim1 2010-02-19
955 ## - COPY-LEVEL INFORMATION (RLIN)
-- rd05 2009-07-24
-- rc02 2010-03-09 CIP VER to BCCD
Holdings
Withdrawn status Lost status Damaged status Not for loan Home library Current library Shelving location Date acquired Total checkouts Full call number Barcode Date last seen Price effective from Koha item type
        Fairfield Fairfield General stacks 22/03/2026   294.3/444 22 BC0011428 22/03/2026 22/03/2026 Books